Chuyển đến nội dung
החשבון שלך
יציאה מהחשבון
כניסה לחשבון
שפה
English
Deutsch
Español
Français
Italiano
日本語
Nederlands
Português
Português (Brasil)
中文(简体)
中文(繁體)
Türkçe
עברית
Gaeilge
Cymraeg
Ελληνικά
Català
Euskara
Русский
Čeština
Suomi
Svenska
polski
Dansk
slovenščina
اللغة العربية
বাংলা
Galego
Tiếng Việt
Hrvatski
हिंदी
כל השדות
כותר
מחבר
נושא
סימן המיקום
ISBN/ISSN
תג
מצא
מתקדם
חיפוש
Trta subways in Tokyo
תצוגת צוות
יצירת מראה מקום
שלח את זה
הדפסה
יצוא רשומה
יצוא אל RefWorks
יצוא אל EndNoteWeb
יצוא אל EndNote
יצוא אל MARC
יצוא אל MARCXML
יצוא אל RDF
יצוא אל BibTeX
יצוא אל RIS
הוספה למועדפים
Trta subways in Tokyo
שמור ב:
מידע ביבליוגרפי
פורמט:
ספר
שפה:
Undetermined
יצא לאור:
Japan
1980
נושאים:
Subways
תגים:
הוספת תג
אין תגיות, היה/י הראשונ/ה לתייג את הרשומה!
Thư viện lưu trữ:
Trung tâm Học liệu Trường Đại học Cần Thơ
מלאי ספרים
תיאור
הערות
פריטים דומים
תצוגת צוות
LEADER
00358nam a2200145Ia 4500
001
CTU_98449
008
210402s9999 xx 000 0 und d
082
|a
338.4
082
|b
T864
245
0
|a
Trta subways in Tokyo
260
|a
Japan
260
|c
1980
650
|a
Subways
904
|i
Tuyến
980
|a
Trung tâm Học liệu Trường Đại học Cần Thơ
פריטים דומים
Tokyo Trta subways
יצא לאור: (1989)
Trta subways in and around Tokyo
יצא לאור: (1983)
Elevated airborne exposures of teenagers to manganese, chromium, iron from steel dust and New York City's subway system /
Công trình ga và đường tàu điện ngầm
מאת: Frôlốp, IU. S.
יצא לאור: (2005)
Xây dựng hệ thống tầu điện ngầm đô thị
מאת: Trần, Tuấn Minh
יצא לאור: (2015)
טוען...